[Event "Let's Play Chess!"]
[Site "http://www.queenalice.com/game.php?id=920858"]
[Date "2011.4.2"]
[Round "-"]
[White "franckygauth"]
[Black "carionic"]
[Result "1-0"]
[WhiteElo "1664"]
[BlackElo "1369"]

1. e4 d5 2. exd5 Qxd5 3. Nc3 Qe6+ 4. Be2 Nf6 5. Nf3 h6 6. O-O c6 7. Re1 Qd6 8.
d4 b5 9. g3 Bb7 10. Bf4 Qb4 11. Bc1 Nbd7 12. a3 Qa5 13. b4 Qb6 14. Nb1 e6 15. c3
Ne4 16. Be3 Qc7 17. Nfd2 f5 18. Nxe4 fxe4 19. Bh5+ Kd8 20. Bf4 Bd6 21. Rxe4 Bxf4
22. Rxf4 c5 23. dxc5 Qc6 24. Bf3 Qc7 25. Bxb7 Qxb7 26. a4 Qd5 27. Rd4 Qc6 28.
Rd6 Qc7 29. c6 Ke7 30. Rxd7+ Qxd7 31. Qxd7+ Kf6 32. Qd4+ e5 33. Qd6+ Kf5 34.
Qd3+ e4 35. Qd5+ Kg4 36. Qxe4+ Kg5 37. Qd5+ Kg4 38. Kg2 Rad8 39. h3# 1-0

[Event "Let's Play Chess!"]
[Site "http://www.queenalice.com/game.php?id=920859"]
[Date "2011.4.3"]
[Round "-"]
[White "spin"]
[Black "franckygauth"]
[Result "0-1"]
[WhiteElo "1686"]
[BlackElo "1670"]

1. e3 c5 2. Qh5 e6 3. Bc4 Nf6 4. Qf3 a6 5. g4 d5 6. Be2 Be7 7. h4 Nc6 8. g5 Ne4
9. d3 Nd6 10. b3 Nb5 11. a4 Nba7 12. Qf4 Bd6 13. Qf3 Be5 14. c3 d4 15. c4 Nb4
16. Qe4 Bc7 17. exd4 Nc2+ 18. Kd2 Nxa1 19. dxc5 Nxb3+ 20. Kc2 Nxc5 21. Qf3 Nxa4
22. Qe4 Nc5 23. Qe3 Bb6 24. Qf4 Nd7 25. h5 Bc7 26. Qd4 e5 27. Qd5 Nc6 28. Bd2
Qe7 29. Nf3 Nb6 30. Qe4 Bd7 31. Nc3 O-O-O 32. Kb3 Rde8 33. Nd5 Nxd5 34. cxd5 Na7
35. Rc1 Kb8 36. Bb4 Bd6 37. Bc3 f5 38. Qc4 Bb5 39. Qh4 g6 40. h6 Rhf8 41. Re1
Qc7 42. Nd2 Qd7 43. Ra1 Rc8 44. Nc4 Bxc4+ 45. dxc4 e4 46. f3 Qe7 47. f4 Qc7 48.
Qf2 Bxf4 49. Bd4 e3 50. Qg1 Rce8 51. Ra4 Nc8 52. c5 Re4 53. Rb4 Rxd4 54. Rxd4
Qxc5 55. Qa1 Bd6 56. Rb4 Qxb4+ 57. Kc2 Qd2+ 58. Kb3 Qxe2 59. Qd4 Qb5+ 60. Kc3
Re8 61. Kc2 e2 0-1

[Event "Challenge"]
[Site "http://www.queenalice.com/game.php?id=924120"]
[Date "2011.4.9"]
[Round "-"]
[White "plot24"]
[Black "franckygauth"]
[Result "1-0"]
[WhiteElo "1768"]
[BlackElo "1668"]

1. e4 c5 2. Nf3 e6 3. d4 cxd4 4. Nxd4 Be7 5. c4 d6 6. Qg4 g6 7. Qe2 Bf6 8. Nc2
Nc6 9. Nc3 Bxc3+ 10. bxc3 f6 11. g3 e5 12. Bg2 Nge7 13. Bh6 Rg8 14. h4 f5 15.
exf5 Bxf5 16. O-O Qd7 17. Ne3 Be6 18. Rad1 Qc7 19. f4 O-O-O 20. Nd5 Bxd5 21.
cxd5 Nb8 22. c4 exf4 23. c5 dxc5 24. Bxf4 Qa5 25. Qxe7 Nd7 26. Qxh7 c4 27. Bh3
Qc5+ 28. Kh2 Qf8 29. Bg5 1-0

[Event "Challenge"]
[Site "http://www.queenalice.com/game.php?id=926768"]
[Date "2011.4.17"]
[Round "-"]
[White "roidechecs"]
[Black "franckygauth"]
[Result "0-1"]
[WhiteElo "1484"]
[BlackElo "1698"]

1. e4 c5 2. Nf3 e6 3. d4 h6 4. dxc5 Bxc5 5. Qe2 Ne7 6. Be3 Bxe3 7. Qxe3 O-O 8.
Nc3 Nbc6 9. Bd3 Re8 10. O-O d6 11. Bb5 a6 12. Bxc6 bxc6 13. b4 Ng6 14. e5 d5 15.
a4 Qe7 16. b5 c5 17. bxa6 Bxa6 18. Nb5 Bxb5 19. axb5 Rab8 20. Rab1 Rec8 21. c3
f5 22. b6 Rc6 23. b7 Rxb7 24. Rxb7 Qxb7 25. Rc1 f4 26. Qd2 Rc8 27. Qc2 Qf7 28.
Rb1 d4 29. cxd4 c4 30. Nd2 Nf8 31. f3 Qa7 32. Nxc4 Qxd4+ 33. Kh1 Rxc4 34. Qe2
Rc5 35. Rd1 Qxe5 36. Qf2 Qc7 37. g3 e5 38. gxf4 exf4 39. Rd4 Rg5 40. Rd1 Rg6 41.
h4 Rc6 42. Qe1 Re6 43. Qf1 Qe7 44. Kg2 Qxh4 45. Kg1 Rg6+ 46. Qg2 Rxg2+ 47. Kxg2
Qg3+ 48. Kf1 Qxf3+ 49. Ke1 Qe3+ 50. Kf1 f3 51. Re1 Qxe1+ 52. Kxe1 Kf7 53. Kf2
Kf6 54. Kxf3 h5 55. Kg3 g5 56. Kf3 Kf5 57. Kg2 Kg4 58. Kh2 Ng6 59. Kg2 Nh4+ 60.
Kf2 Kh3 61. Ke3 Kg3 62. Ke4 Ng2 63. Ke5 h4 64. Kf6 g4 65. Kf5 Kf3 66. Kg5 h3 67.
Kh5 h2 68. Kg5 h1=Q 69. Kf5 Qb1+ 70. Kg5 Qb5+ 71. Kg6 Nf4+ 72. Kh6 Qh5+ 73. Kg7
Nd5 74. Kf8 Qh7 75. Ke8 Qe7# 0-1

[Event "Challenge"]
[Site "http://www.queenalice.com/game.php?id=926927"]
[Date "2011.4.17"]
[Round "-"]
[White "franckygauth"]
[Black "APSHOOTER"]
[Result "1-0"]
[WhiteElo "1656"]
[BlackElo "1693"]

1. e4 d5 2. exd5 Qxd5 3. Nc3 Qe5+ 4. Be2 Bg4 5. f3 Be6 6. d4 Qf6 7. Be3 a6 8. d5
Bf5 9. Rc1 Nd7 10. g4 Bg6 11. g5 Qe5 12. Qd2 O-O-O 13. Bf4 Qf5 14. Bd3 Qxf4 15.
Qxf4 Bxd3 16. cxd3 e5 17. dxe6 fxe6 18. d4 Bb4 19. Ne2 Ne7 20. O-O Bd6 21. Qg4
h6 22. f4 hxg5 23. Ne4 Bxf4 24. Nxf4 gxf4 25. Rxf4 e5 26. dxe5 g5 27. Nxg5 Rdg8
28. Rf7 Kd8 29. Rd1 Rxg5 30. Qxg5 Rg8 31. Rg7 c6 32. Rxg8+ Kc7 33. Qxe7 1-0

[Event "Let's Play Chess!"]
[Site "http://www.queenalice.com/game.php?id=938953"]
[Date "2011.5.17"]
[Round "-"]
[White "franckygauth"]
[Black "adelio"]
[Result "1-0"]
[WhiteElo "1648"]
[BlackElo "1797"]

1. e4 g6 2. d4 a6 3. Nf3 h6 4. c3 e6 5. Be2 d6 6. O-O b5 7. Re1 Ra7 8. Be3 g5 9.
g3 c6 10. Nbd2 Nd7 11. e5 f5 12. exf6 Ndxf6 13. d5 Nxd5 14. Bxa7 c5 15. Ne4 Qe7
16. Bxc5 dxc5 17. c4 Ndf6 18. Nxf6+ Nxf6 19. cxb5 Bg7 20. bxa6 O-O 21. Bc4 Kh8
22. Rb1 Nd5 23. Bxd5 g4 24. Nh4 Qxh4 25. gxh4 exd5 26. Qxd5 Bd4 27. Re2 Bxa6 28.
Rd2 Bf6 29. Qxc5 Rg8 30. b3 Bc8 31. Rbd1 Bxh4 32. Qe5+ Kh7 33. Qc7+ Kh8 34. Rd6
Bxf2+ 35. Kxf2 Rf8+ 36. Kg2 Bf5 37. Rxh6+ Kg8 38. Qe7 Rf7 39. Rd8+ Kg7 40. Qg5+
Bg6 41. Qxg6# 1-0

[Event "Let's Play Chess!"]
[Site "http://www.queenalice.com/game.php?id=938954"]
[Date "2011.5.17"]
[Round "-"]
[White "adelio"]
[Black "franckygauth"]
[Result "1-0"]
[WhiteElo "1767"]
[BlackElo "1660"]

1. g3 c6 2. c4 e6 3. d4 d5 4. c5 b6 5. b4 bxc5 6. bxc5 Be7 7. e3 Nf6 8. f3 O-O
9. a4 Nbd7 10. g4 e5 11. a5 a6 12. Ra2 h6 13. h4 Nh7 14. Rah2 f5 15. g5 Qe8 16.
gxh6 g6 17. h5 g5 18. Ne2 e4 19. f4 Kh8 20. fxg5 Bxg5 21. Rg1 Rg8 22. Nbc3 Qe6
23. Rhg2 Rb8 24. Nf4 Qf6 25. Ng6+ Rxg6 26. hxg6 Qxg6 27. Rh1 Qf6 28. Qh5 Ndf8
29. Qe8 Qg6 30. Qe5+ 1-0

[Event "Challenge"]
[Site "http://www.queenalice.com/game.php?id=945726"]
[Date "2011.6.3"]
[Round "-"]
[White "adelio"]
[Black "franckygauth"]
[Result "1-0"]
[WhiteElo "1802"]
[BlackElo "1687"]

1. b4 e5 2. b5 a6 3. e4 axb5 4. Bxb5 c6 5. Bf1 d6 6. c4 Be7 7. g4 h6 8. d3 Nd7
9. Nf3 Nc5 10. h3 Be6 11. Rg1 g5 12. d4 exd4 13. Nxd4 Bc8 14. Bb2 Bf6 15. a4 Kf8
16. Nc3 Be5 17. Nf3 Bf4 18. Ne2 f6 19. Nxf4 gxf4 20. Nh4 Kf7 21. Nf5 Bxf5 22.
gxf5 Nxe4 23. Qe2 Qe7 24. Rg7+ 1-0

[Event "Challenge"]
[Site "http://www.queenalice.com/game.php?id=945727"]
[Date "2011.6.3"]
[Round "-"]
[White "franckygauth"]
[Black "adelio"]
[Result "1-0"]
[WhiteElo "1676"]
[BlackElo "1827"]

1. e4 e5 2. Nf3 d6 3. h3 c5 4. c3 b5 5. Bxb5+ Nd7 6. O-O a6 7. Ba4 h6 8. d4 Nf6
9. dxe5 Nxe4 10. Re1 Bb7 11. exd6 f6 12. Nbd2 f5 13. Nc4 Kf7 14. Bb3 Ke8 15. Bf4
Qf6 16. Be5 Qd8 17. Ba4 Kf7 18. Bb3 Rb8 19. Ne3+ Kg6 20. Bf4 Nxf2 21. Kxf2 Bxf3
22. Kxf3 Rb6 23. Nc4 Qa8+ 24. Kg3 Rc6 25. Re6+ Nf6 26. Ne5+ Kh7 27. Nxc6 Qxc6
28. Rxf6 gxf6 29. Qd3 Qd7 30. Re1 Kg6 31. Be6 Qg7 32. Qxf5# 1-0

[Event "Challenge"]
[Site "http://www.queenalice.com/game.php?id=976930"]
[Date "2011.8.25"]
[Round "-"]
[White "roidechecs"]
[Black "franckygauth"]
[Result "0-1"]
[WhiteElo "1493"]
[BlackElo "1712"]

1. e4 c5 2. Nf3 e6 3. d4 cxd4 4. Nxd4 Nc6 5. Be3 Be7 6. Bc4 Nf6 7. Nxc6 bxc6 8.
Nc3 O-O 9. O-O d5 10. exd5 exd5 11. Bb3 Qc7 12. Qd4 Bb7 13. Rad1 Rfd8 14. a4 h6
15. f4 c5 16. Qd2 d4 17. Bxd4 cxd4 18. Nb5 Qc5 19. Nxd4 Ne4 20. Qd3 Qb6 21. Rfe1
Bf6 22. Rxe4 Bxe4 23. Qxe4 Bxd4+ 24. Kh1 Bf6 25. Re1 g6 26. Bd5 Rab8 27. b3 Qa5
28. Rd1 Re8 29. Qd3 Re1+ 30. Qf1 Rxf1+ 31. Rxf1 Qxd5 32. h3 Qd2 33. g4 Qxc2 34.
g5 hxg5 35. fxg5 Be5 36. Rf2 Qxf2 37. h4 Qh2# 0-1

[Event "AUTO-INT-1902"]
[Site "http://www.queenalice.com/game.php?id=983096"]
[Date "2011.9.9"]
[Round "2"]
[White "franckygauth"]
[Black "ricardo10"]
[Result "0-1"]
[WhiteElo "1735"]
[BlackElo "1847"]

1. e4 e5 2. Nf3 Nf6 3. d3 Nc6 4. Be2 Bc5 5. h3 d5 6. exd5 Nxd5 7. O-O O-O 8. Re1
Be6 9. Bf1 f6 10. Nbd2 Nd4 11. b3 c6 12. Bb2 Nxf3+ 13. Nxf3 Nf4 14. Qd2 Bd6 15.
Rad1 Qd7 16. Kh1 g5 17. Ng1 Rf7 18. Kh2 e4 19. Rxe4 f5 20. Ree1 Nxd3+ 0-1

[Event "AUTO-INT-1902"]
[Site "http://www.queenalice.com/game.php?id=983097"]
[Date "2011.9.9"]
[Round "2"]
[White "ricardo10"]
[Black "franckygauth"]
[Result "1-0"]
[WhiteElo "1859"]
[BlackElo "1723"]

1. e4 c5 2. Nc3 e6 3. Nf3 Be7 4. d4 cxd4 5. Nxd4 Nc6 6. Nxc6 bxc6 7. Be2 d5 8.
exd5 exd5 9. Be3 Nf6 10. O-O O-O 11. h3 h6 12. Bd3 Kh8 13. Ne2 Re8 14. Ng3 c5
15. c3 Qb6 16. b4 d4 17. bxc5 Bxc5 18. Rb1 Qd6 19. Nf5 Qd8 20. Bxd4 Bxd4 21.
Nxd4 Qc7 22. Re1 Rxe1+ 23. Qxe1 Bb7 24. Qd2 Rd8 25. Qe3 a6 26. Nf5 Re8 27. Qd2
Qc6 28. f3 Qc5+ 29. Kh1 Qc7 30. Nxh6 Nh5 31. Nf5 Nf4 32. Rxb7 Qxb7 33. Qxf4 1-0

[Event "Challenge"]
[Site "http://www.queenalice.com/game.php?id=997324"]
[Date "2011.10.14"]
[Round "-"]
[White "roidechecs"]
[Black "franckygauth"]
[Result "0-1"]
[WhiteElo "1486"]
[BlackElo "1719"]

1. e4 c5 2. Nf3 e6 3. d4 cxd4 4. Nxd4 h6 5. Qf3 Nc6 6. Nxc6 bxc6 7. Nc3 Ne7 8.
Bc4 Ng6 9. Be3 Be7 10. O-O d5 11. b4 dxc4 12. a3 O-O 13. b5 cxb5 14. a4 b4 15.
Nb5 a6 16. Nd4 Bb7 17. g4 Ne5 18. Qg3 Bd6 19. f4 Ng6 20. e5 Be7 21. f5 exf5 22.
gxf5 Bh4 23. Qh3 Nxe5 24. Bf2 Qg5+ 25. Bg3 Qe3+ 26. Rf2 Bxg3 27. Qxg3 Qxd4 28.
Rf1 Nf3+ 29. Kg2 Nd2+ 30. Kh3 Nxf1 31. Rxf1 Qf6 32. c3 a5 33. cxb4 axb4 34. Rf4
Bd5 35. Qg4 Rxa4 36. Kg3 Ra3+ 37. Kf2 Qb2+ 38. Kg1 Ra1+ 39. Rf1 Rxf1+ 40. Kxf1
Qc1+ 41. Kf2 b3 42. Qd4 Qc2+ 43. Kg3 Qxf5 44. h4 Qf3+ 45. Kh2 Qg2# 0-1

[Event "AUTO-ADV-2333"]
[Site "http://www.queenalice.com/game.php?id=1005822"]
[Date "2011.11.6"]
[Round "1"]
[White "franckygauth"]
[Black "REDWOLF"]
[Result "0-1"]
[WhiteElo "1690"]
[BlackElo "1644"]

1. e4 e5 2. Nf3 Nc6 3. Bb5 Bc5 4. h3 d6 5. O-O Nf6 6. Re1 O-O 7. c3 h6 8. d3 Nh5
9. Bxc6 bxc6 10. d4 exd4 11. Nxd4 f5 12. Nxc6 Qh4 13. Rf1 fxe4 14. Be3 Bxe3 15.
fxe3 Qg5 16. Rxf8+ Kxf8 17. Qf1+ Kg8 18. Qf2 Bb7 19. Nd4 Bc8 20. Kh2 Bxh3 21.
Kxh3 Rf8 22. Qe1 c5 23. Ne6 Qf5+ 0-1

[Event "AUTO-ADV-2333"]
[Site "http://www.queenalice.com/game.php?id=1005833"]
[Date "2011.11.6"]
[Round "1"]
[White "montalvao"]
[Black "franckygauth"]
[Result "1-0"]
[WhiteElo "1828"]
[BlackElo "1726"]

1. e4 c5 2. Nf3 e6 3. Nc3 Be7 4. Be2 d6 5. O-O a6 6. d4 b6 7. Be3 Nd7 8. Qd2 h6
9. Rad1 Bb7 10. e5 d5 11. Kh1 Qc7 12. a3 Rc8 13. Ng1 Bd8 14. f4 Ne7 15. Nf3 Nf5
16. Bf2 Be7 17. g4 cxd4 18. Nxd4 Nxd4 19. Bxd4 Bc5 20. Rde1 Bxd4 21. Qxd4 b5 22.
Bd1 Nb6 23. f5 Nc4 24. fxe6 fxe6 25. Ne2 Nxe5 26. Nf4 1-0

[Event "AUTO-ADV-2333"]
[Site "http://www.queenalice.com/game.php?id=1005834"]
[Date "2011.11.6"]
[Round "1"]
[White "franckygauth"]
[Black "montalvao"]
[Result "0-1"]
[WhiteElo "1714"]
[BlackElo "1840"]

1. e4 e6 2. d4 d5 3. exd5 exd5 4. Be2 Nf6 5. Nf3 Bd6 6. O-O O-O 7. a3 Nc6 8. Nc3
a6 9. Re1 Re8 10. h3 Ne4 11. Nxd5 Be6 12. Ne3 Qf6 13. Rf1 Rad8 14. c3 Bd7 15.
Nc4 Qg6 16. Nh4 Qf6 17. Nf3 Be7 18. Bd3 Qg6 19. Nce5 Nxe5 20. Bxe4 Qxe4 21. Nxe5
Be6 22. f3 Qh4 23. Be3 Bxh3 24. Qd2 Bf5 25. g4 Be6 0-1

[Event "AUTO-ADV-2333"]
[Site "http://www.queenalice.com/game.php?id=1005841"]
[Date "2011.11.6"]
[Round "1"]
[White "franckygauth"]
[Black "fercous"]
[Result "0-1"]
[WhiteElo "1703"]
[BlackElo "1939"]

1. e4 d6 2. h3 Nf6 3. Nc3 g6 4. d3 Bg7 5. Bd2 c5 6. Be2 O-O 7. Nf3 Nc6 8. O-O
Nd4 9. Re1 e5 10. Bf1 b6 11. Nxd4 cxd4 12. Ne2 Bb7 13. f4 Nd7 14. Ng3 Rc8 15.
Be2 Qh4 0-1

[Event "AUTO-ADV-2333"]
[Site "http://www.queenalice.com/game.php?id=1005842"]
[Date "2011.11.6"]
[Round "1"]
[White "fercous"]
[Black "franckygauth"]
[Result "1-0"]
[WhiteElo "1946"]
[BlackElo "1696"]

1. c4 e5 2. g3 c6 3. Bg2 Bc5 4. e3 d5 5. cxd5 cxd5 6. d4 exd4 7. exd4 Bb6 8. Nc3
Ne7 9. Nge2 O-O 10. O-O Be6 11. Nf4 Qd7 12. Re1 a6 13. Nxe6 fxe6 14. Bf4 Nbc6
15. Be5 1-0

[Event "Challenge"]
[Site "http://www.queenalice.com/game.php?id=1018885"]
[Date "2012.1.29"]
[Round "-"]
[White "roidechecs"]
[Black "franckygauth"]
[Result "0-1"]
[WhiteElo "1479"]
[BlackElo "1672"]

1. e4 c5 2. Nf3 e6 3. d4 cxd4 4. Nxd4 Nc6 5. Nxc6 bxc6 6. f4 Be7 7. Qg4 g6 8.
Nc3 Nf6 9. Qf3 d5 10. exd5 exd5 11. Bd3 O-O 12. Be3 Re8 13. O-O-O Bg4 14. Qg3
Bxd1 15. Kxd1 Nh5 16. Qf3 d4 17. g4 Ng7 18. Bxd4 Qxd4 19. Qxc6 Qxf4 20. Nd5 Qf3+
21. Kd2 Bg5+ 22. Kc3 Rac8 23. Qxc8 Rxc8+ 24. Kb3 Qxd5+ 25. c4 Qxd3+ 26. Kb4
Rxc4+ 27. Ka5 Qd5+ 28. Ka6 Rc6+ 29. Kxa7 Qd7+ 30. Kb8 Rc8# 0-1

[Event "Challenge"]
[Site "http://www.queenalice.com/game.php?id=1057649"]
[Date "2012.5.9"]
[Round "-"]
[White "franckygauth"]
[Black "abreuchess"]
[Result "0-1"]
[WhiteElo "1680"]
[BlackElo "2217"]

1. e4 c5 2. d4 cxd4 3. Qxd4 Nc6 4. Qa4 Nf6 5. c3 Qb6 6. Be2 d5 7. exd5 Nxd5 8.
Nf3 Bd7 9. Qe4 e6 10. O-O Be7 11. Nbd2 Nf6 12. Qc2 Rc8 13. Nc4 Qc7 0-1

[Event "Challenge"]
[Site "http://www.queenalice.com/game.php?id=1086367"]
[Date "2012.7.24"]
[Round "-"]
[White "adelio"]
[Black "franckygauth"]
[Result "1-0"]
[WhiteElo "1729"]
[BlackElo "1678"]

1. f4 d5 2. d4 f6 3. c4 e6 4. a3 Ne7 5. g4 dxc4 6. Nc3 Nd5 7. e4 Nxc3 8. bxc3
Nd7 9. Bxc4 Nb6 10. Bb3 Bd7 11. Nf3 c6 12. Ra2 Be7 13. h4 Qc7 14. Rg2 O-O-O 15.
O-O Kb8 16. a4 Nc8 17. Qd3 Qb6 18. Rb2 Ba3 19. Rb1 Bxc1 20. Rfxc1 Qc7 21. e5 Ne7
22. Bc4 Ka8 23. Rb2 Bc8 24. Rcb1 Ng6 25. Qe3 Rhe8 26. d5 exd5 27. Bf1 fxe5 28.
f5 Nf4 29. Qc5 b6 30. Rxb6 axb6 31. Rxb6 Bb7 32. Qa5+ Kb8 33. Ba6 Rd7 34. Rxb7+
Qxb7 35. Bxb7 Rxb7 36. Qc5 Rc7 37. a5 1-0